LDR 00565naa#a2200181#i#450# 001 EN\\bibl\120264 005 20260416204524.4 011 ## _a1819-4036 100 ## _a20210331b2021####ek#y0engy0150####ca 102 ## _aRU 200 1# _aZERO TILLING ON LEACHED CHERNOZEM OF THE KRASNOYARSK FOREST STEPPE _eJournal article 210 1# _aKrasnoyarsk _cKrasnoyarsk State Agrarian University _d2021 215 ## _a6 с. 608 ## _aJournal article _2local 675 ## _aПолеводство. 633 _z 700 #1 _aMihaylova _gZ I 700 #1 _aIvchenko _gVladimir Kuzmich 856 4# _avestnik.kgau.ru _u